00383nam a2200157 a 450000100060000000300090000600800410001502000150005604000280007108200090009910000190010824500180012726000470014530000100019265000230020218527CO-ViMGA141112s2004 ck r 000 u spa d a848063314X aCO-ViMGAbspacCO-ViMGA04aTORn1 aTorner, Carles10aNoaga y Juana aBarcelona (España), cIntermón, c1997 a21.p.14aCUENTOS INFANTILES